Undue influence (Бичлэгийн дугаар. 145573)
| 000 -УДИРДЛАГА | |
|---|---|
| Удирдлага | 00912nam a22003017a 4500 |
| 003 - ХЯНАЛТЫН ТОО ТОДОРХОЙЛОГЧ | |
| Код | MN-UlNUM |
| 005 - БИЧИЛТ ХИЙСЭН ОГНОО | |
| Тухайн бичилтийг бичсэн засварласан сүүлийн огноо | 20251113133817.0 |
| 008 - ЕРӨНХИЙ МЭДЭЭЛЭЛ | |
| Ерөнхий мэдээлэл | 251113s2005 njuab||| |||| 001 0 eng | |
| 020 ## - ISBN | |
| ISBN | 0471656631 |
| 040 ## - БИЧЛЭГ ҮҮСГЭГЧ БАЙГУУЛЛАГА | |
| Бичлэг үүсгэгч номын сангийн код | МУИС-ийн номын сан |
| 084 ## - ББК АНГИЛАЛ | |
| Нэмэлт тусгалт | Нэг сэдэвт бүтээл |
| ББК ангилал | 65.290-2 |
| Зохиогчийн гурван тэмдэгт | G 33 |
| Мэдлэгийн ялгаа | 65 - Эдийн засаг |
| 100 1# - ЗОХИОГЧ | |
| Зохиогчийн нэр | Geisst, Charles R. |
| 245 10 - ҮНДСЭН ГАРЧИГ | |
| Номын нэр | Undue influence |
| Бага гарчгийн мэдээ | how the Wall Street elite put the financial system at risk |
| Оролцогчдын тухай мэдээ | Charles R. Geisst. |
| 260 ## - ГАРАЛТЫН МЭДЭЭ | |
| Хэвлэгдсэн газар | Hoboken, N.J. : |
| Хэвлэлийн газар | John Wiley & Sons, |
| Хэвлэгдсэн он | 2005. |
| 300 ## - МАТЕРИАЛЫН ТОДОРХОЙЛОЛТ | |
| хуудасны тоо | v, 314 p. : |
| Бусад тоон мэдээлэл | ill. ; |
| Хэмжээ | 24 cm. |
| 500 ## - Тайлбар | |
| Дансны дугаар | БС 2092 |
| 546 ## - ХЭЛНИЙ ТУХАЙ МЭДЭЭ | |
| Хэл | Англи хэл дээр, |
| 653 ## - Түлхүүр үг | |
| Түлхүүр үг | stock exchanges |
| 653 ## - Түлхүүр үг | |
| Түлхүүр үг | securities industry |
| 653 ## - Түлхүүр үг | |
| Түлхүүр үг | deregulation |
| 653 ## - Түлхүүр үг | |
| Түлхүүр үг | financial crises |
| 740 ## - НОМЫН ГАРЧИГ | |
| Гарчиг | Distrust of Wall Street in the 1920's. |
| 740 ## - НОМЫН ГАРЧИГ | |
| Гарчиг | The Assault on Wall Street. |
| 740 ## - НОМЫН ГАРЧИГ | |
| Гарчиг | Continuing the Assault. |
| 740 ## - НОМЫН ГАРЧИГ | |
| Гарчиг | Three Decades of Slow Change. |
| 942 ## - ЭЛЕМЕНТИЙН ТӨРӨЛ | |
| Зүйлийн төрөл | Ном |
